000 00835nam a2200217Ia 4500
003 GCL
005 20240530105504.0
008 140319s9999 xx 000 0 ara d
040 _aGCL /
_cGCL
082 0 4 _a250
_bأ ر
100 1 _aابن ابى زيد، ابو محمد عبدالله بن عبدالرحمن النفعى
245 1 0 _aرسالة /
_cعبدالله بن ابى زيد القيروانى ؛ نقلها الى الفرنسية كوثر عبدالسلام البحيرى
260 _a[S.N] :
_bدار الكتب الاسلامية
300 _a175 ص ؛
_c20 سم
650 0 4 _aالقيرواني
650 0 4 _aالرسائل الاسلامية
650 0 4 _aالفقه الاسلامى
650 0 4 _aالعبادات
700 0 _aكوثر عبدالسلام البحيرى
_eمترجم
942 _2ddc
_cBK
999 _c56384
_d56384